Library Banner

Daman-i-khiyal-i-watan = دامان خیال وطن/ (Record no. 121623)

MARC details
000 -LEADER
fixed length control field 00581nam a2200169 4500
005 - DATE AND TIME OF LATEST TRANSACTION
control field 20210313111101.0
008 - FIXED-LENGTH DATA ELEMENTS--GENERAL INFORMATION
fixed length control field 210313b ||||| |||| 00| 0 eng d
040 ## - CATALOGING SOURCE
Transcribing agency PK-LaUMT
082 ## - DEWEY DECIMAL CLASSIFICATION NUMBER
Classification number RHC 320.95491
Item number ANW-D
100 ## - MAIN ENTRY--PERSONAL NAME
Personal name Anwer Soofi, Muhammad = انور صوفی، محمد
245 ## - TITLE STATEMENT
Title Daman-i-khiyal-i-watan = دامان خیال وطن/
Statement of responsibility, etc by Muhammad Anwer Soofi= از محمد انور صوفی
260 ## - PUBLICATION, DISTRIBUTION, ETC. (IMPRINT)
Place of publication, distribution, etc Lahore :
Name of publisher, distributor, etc Idarah Muhammad Anwer Soofi,
Date of publication, distribution, etc 2000
300 ## - PHYSICAL DESCRIPTION
Extent 152 p.
650 ## - SUBJECT ADDED ENTRY--TOPICAL TERM
Topical term or geographic name as entry element Political condition-Pakistan
650 ## - SUBJECT ADDED ENTRY--TOPICAL TERM
Topical term or geographic name as entry element Pakistan-Situation
942 ## - ADDED ENTRY ELEMENTS (KOHA)
Koha item type Books
Holdings
Withdrawn status Lost status Damaged status Home library Current library Date acquired Full call number Barcode Date last seen Price effective from Koha item type
      UMT Main Campus UMT Main Campus 2021-03-13 RHC 320.95491 ANW-D 136768 2021-03-13 2021-03-13 Books